000 00295nam a2200133Ia 4500
005 20251222152607.0
008 251222s9999||||xx |||||||||||||| ||spa||
082 _a813.54/E42
100 _aEllroy, James
245 0 _aClandestino
250 _a1ra.ed.
264 _bEdiciones B.
942 _cLIB
999 _c26820
_d26820